000 00787nam a2200253Ia 4500
003 OSt
005 20220925201157.0
006 a|||||r|||| 00| 0
007 ta
008 220923b |||||||| |||| 00| 0 eng d
037 _cGeneral Book
040 _aRTL
_cRTL
_beng
041 _2eng
_aeng
082 _aY9(T4,b).2.N7, L9/TD
100 _aChitnis Suma
_9259741
245 0 _aIndian acdemic professions
_b Crisis and change in teaching community
260 _aDelhi
_bMacmillan
_c1979
300 _a192p
_ccm.
500 _aBibliography Chapterwise
650 _aSociology of Education
700 _a Altbach Philip G Ed.
_925202
942 _hY9(T4,b).2.N7, L9/TD
_cGB
_2CC
999 _c539216
_d539216